Повноваження місцевого самоврядування (Запис № 312081)

МАРК-запис
000 -Лідер
fixed length control field 00884nam a22002297a 4500
001 - Контрольний номер
control field 25781
003 - Ідентифікатор контрольного номера
control field UA-OsUOA
005 - Дата та час останнього входження (трансакції)
control field 20210903151739.0
007 - Фіксоване поле фізичного опису
fixed length control field ta
008 - Елементи даних фіксованої довжини – загальна інформація
fixed length control field 20040427b un ||||| |||| 00| 0 ukr d
040 ## - Джерело каталогізації
Агенція оригінальної каталогізації UA-OsUOA
Мова каталогізації ukr
Агенція, яка здійснювала перезапис UA-OsUOA
Агенція, яка здійснювала модифікацію UA-OsUOA
041 ## - Код мови
Код мови тексту/ звукової доріжки чи окремого заголовка (П) ukr
044 ## - Код країни видавця/ виробника
Код країни видавця/ виробника (П) UA
080 ## - Індекс Універсальної десяткової класифікації
Індекс Універсальної десяткової класифікації (УДК) (НП) 35+342.9+349.6
090 ## - Локальний шифр розміщення
Класифікаційний індекс УДК 35+342.9+349.6
Авторський знак (НП) П49
245 ## - Відомості про назву
Назва (НП) Повноваження місцевого самоврядування
Решта назви (НП) збірник нормативних актів
Номер частини/ розділу роботи (П) Вип. 2
Назва частини/ розділу роботи Регулювання земельних відносин, будівництво, архітектура та охорона навколишнього природного середовища
260 ## - Публікація, розповсюдження і т.п. (Вихідні дані)
Місце публікації, розповсюдження і т.п. (П) Київ
Дата публікації, розповсюдження і т.п. (П) 1999
300 ## - Фізичний опис
Обсяг 144 с.
650 #7 - Додаткове предметне введення – тематичний термін
Джерело заголовка чи терміна UDC
Тематичний термін чи географічна назва, як елемент введення (НП) 35 Державне адміністративне управління
942 ## - Додаткові елементи входу (Коха)
Тип елемента Koha Книги
Source of classification or shelving scheme Universal Decimal Classification
955 ## - Код типу видання за змістом
Код типу видання за змістом (НП) Наукові видання
Фонди
Стан вилучень Стан втрат Джерело класифікації або схеми стелажів Стан уражень Не для кредиту Постійне місце розташування Поточне розміщення Дата придбання Вартість, звичайна ціна покупки Інвентарний номер Усього замовленно Повний номер виклику Штрих-код Дата останнього перегляду Ціна ефективна від Тип елемента Koha
    Universal Decimal Classification     ЧЗ - Читальна зала ЧЗ - Читальна зала 27/04/2004 26.40 67978   35+342.9+349.6 П49 67978 09/02/2022 27/04/2004 Книги
    Universal Decimal Classification     ЧЗ - Читальна зала ЧЗ - Читальна зала 27/04/2004 18.00 67979   35+342.9+349.6 П49 67979 09/02/2022 27/04/2004 Книги
    Universal Decimal Classification     ЧЗ - Читальна зала ЧЗ - Читальна зала 27/04/2004 34.00 67980   35+342.9+349.6 П49 67980 09/02/2022 27/04/2004 Книги
    Universal Decimal Classification     ЧЗ - Читальна зала ЧЗ - Читальна зала 27/04/2004 9.79 67981   35+342.9+349.6 П49 67981 09/02/2022 27/04/2004 Книги
    Universal Decimal Classification     ЧЗ - Читальна зала ЧЗ - Читальна зала 27/04/2004 59.50 76670   35+342.9+349.6 П49 76670 09/02/2022 27/04/2004 Книги